Sanity In Sanitation : Jajaroo Ni Jhumbesh (Record no. 96169)

MARC details
000 -LEADER
fixed length control field 00593nam a2200229Ia 4500
005 - DATE AND TIME OF LATEST TRANSACTION
control field 20230328132942.0
008 - FIXED-LENGTH DATA ELEMENTS--GENERAL INFORMATION
fixed length control field 230125s9999 xx 000 0 und d
020 ## - INTERNATIONAL STANDARD BOOK NUMBER
International Standard Book Number 9780143447573
041 ## - LANGUAGE CODE
Language code of text/sound track or separate title eng
082 ## - DEWEY DECIMAL CLASSIFICATION NUMBER
Classification number 363.72
Item number JAY
100 ## - MAIN ENTRY--PERSONAL NAME
Author Jayanti S R
245 ## - TITLE STATEMENT
Title Sanity In Sanitation : Jajaroo Ni Jhumbesh
250 ## - EDITION STATEMENT
Edition statement 1st Ed.
260 ## - PUBLICATION, DISTRIBUTION, ETC.
Date of publication, distribution, etc. 2019
Name of publisher, distributor, etc. Penguin Random House India
Place of publication, distribution, etc. Haryana
300 ## - PHYSICAL DESCRIPTION
Extent 262p
500 ## - GENERAL NOTE
Keywords General;Sanitation
650 ## - SUBJECT ADDED ENTRY--TOPICAL TERM
Topical term or geographic name entry element General;Sanitation
700 ## - ADDED ENTRY--PERSONAL NAME
Personal name Jayanti S R
942 ## - ADDED ENTRY ELEMENTS (KOHA)
Koha item type Books
906 ## - LOCAL DATA ELEMENT F, LDF (RLIN)
b 111.72
Holdings
Withdrawn status Lost status Damaged status Not for loan Home library Current library Date acquired Vendor Net Price Bill number Total Checkouts Full call number Barcode Date last seen Actual Price Bill Date Koha item type Original Barcode
        Smt. Hiraben Nanavati Institute of Management & Research for Women Smt. Hiraben Nanavati Institute of Management & Research for Women 02/01/2020 Forward Books 399.00 11159   363.72 JAY B19290 HIMR-BK-19290 25/01/2023 287.28 25/01/2023 Books B19290